Statistiques concernant Culture Générale - Série 1022

Cliquez ici pour prendre le quiz!

Statistiques générales

  • Ce quiz a été pris 44 fois
  • Le résultat moyen est 5 sur 9

Statistiques - réponses

Question Réponse % Correct
Dans quel pays est né Patrick Benguigui, plus connu sous le nom de Patrick Bruel ?Algérie
89%
Dans quel pays européen se trouve la ville de Teramo ?Italie
83%
Il y a 150 ans , le Français Charles-Frédéric Gerhardt réussissait la première synthèse chimique d'un produit, qui est devenu le médicament le plus connu au monde. Il s'agit de l'...aspirine
81%
Dans quel cimetière parisien repose le baron Georges Eugène Haussmann ?Père-Lachaise
58%
Louis Aragon a écrit un recueil de 21 poèmes intitulé "Les yeux d'...Elsa
50%
Dans quel pays européen se trouve la ville de Teruel ?Espagne
44%
Dans quel pays européen se trouvent les villes de Mangalia, Arad et Iasi ?Roumanie
42%
Comment appelle-t-on une grappe de raisin privée de ses grains, dont l'anagramme est "ferla" ?rafle
42%
Qui a écrit "S'il en demeure dix, je serai le dixième ; et s'il n'en reste qu'un, je serai celui-là" ?Victor Hugo
6%

Distribution des résultats

Percentile par nombre de réponses

% des personnes avec chaque résultat

Votre développement - résultats

Vous n’avez pas pris ce quiz